Gears and gear cutting

Bibliographic Details
Main Author: Law, Ivan
Format: Book
Published: England : Argus Books , 1993
Series:Workshop practice series.no 17
Subjects:

MARC

LEADER 00000cam a2200000 7i4500
001 0000002605
002 000002832
005 .0
020 |a 0852429118 
090 0 0 |a 621.944   |b LAW 
100 1 |a Law, Ivan 
245 1 0 |a Gears and gear cutting   |c Ivan Law 
260 |a England :   |b Argus Books ,   |c 1993 
300 |a 135p. :   |b ill. ;   |c 20cm. 
490 0 |a Workshop practice series.no 17 
650 0 0 |a Workshops 
999 |a 036312   |b BUKU   |c PINJAMAN   |e PERPUSTAKAAN KOMUNITI PETALING JAYA